000
00266nam a2200109Ia 4500
008
220204s9999 xx 000 0 und d
082
_a
929 A/Z(TAG)
_b
MUK
100
_a
Mukherji, Probhat Kumar
245
0
_a
Life of Tagore
260
_a
Delhi
_b
Hind
_c
1976
942
_c
BK
999
_c
29092
_d
29092